| 000 | 00834cab a2200265 4500 | ||
|---|---|---|---|
| 001 | ABS58651 | ||
| 008 | 090401t1998 xxu||||| |||| 00| 0 eng d | ||
| 035 | _a(Sirsi) u85789 | ||
| 041 | _aeng | ||
| 100 | _aRoe, E, | ||
| 245 | _aOur mutual friends | ||
| 260 | _c1998 | ||
| 350 | _a0 | ||
| 490 |
_aPlanning (for the Natural and Built Environment) _v(1263) 10 April 1998, 17(1) |
||
| 520 | _aConsiders how the private sector, if given the right tax incentives, could take on the regeneration of derelict and vacant urban land rather than developing greenfield sites. | ||
| 650 | _aBROWNFIELD SITES | ||
| 650 | _aGREENFIELD DEVELOPMENT | ||
| 650 | _aLAND RECLAMATION | ||
| 650 | _aPRIVATE SECTOR | ||
| 650 | _aREGENERATION | ||
| 650 | _aTAX INCENTIVES | ||
| 690 | _aURBAN RENEWAL | ||
| 942 | _n0 | ||
| 948 | _c24/04/1998 | ||
| 999 |
_c53962 _d53962 |
||